Quizzes
Events
Quiz Creation
Community
Videos
Private Events
Remove Ads
Sign In
Join for FREE
Feedback
Dark Mode
Quiz Categories
Sports
Geography
Music
Movies
Television
Just For Fun
Miscellaneous
History
Literature
Language
Science
Gaming
Entertainment
Religion
Holiday
For Kids
Quiz Lab
Recent
Popular Today
Quiz Kudos Today
Editor Picks
Curator Picks
Quizzes by...
Day
Popularity
Type
Ratings
Length
Year
Community
Subscriptions
Recent Discussions
Orange Saloon
Badges
Playlists
Quests
Create
Leaderboards
Showdown
Live 5
Trivia Bingo
Activity
Puzzle Library
Sporcle Events
Private Events
Virtual Trivia
Globe League
Become a Host
Pub Owners
SporcleCon
Opinionation
Our Games
Videos
Blog
Mobile Apps
Partnerships
Remove Ads and Go Orange
Feedback
Gaming
Video Games
Board Games
Card Games
Pokémon
Mario
Nintendo
Minecraft
Console
Toys
Legend of Zelda
Gaming
Video Games
Board Games
Card Games
Pokémon
Mario
Nintendo
Minecraft
Console
Toys
Legend of Zelda
Random Quiz
Search Sporcle
×
Quiz Lab
Quiz Lab
Gaming
item
Type in answers that appear in a list
Type in answers that appear in a list
Classic
Best Score? Go Orange.
Runescape discontinued items Stats
Can you name the Runescape discontinued items that were discontinued before 2011?
By
Blubblebut
5m
52 Questions
64 Plays
64 Plays
64 Plays
Comments
Comments
Give Quiz Kudos
Give Quiz Kudos
-
- Ratings
hide this ad
Replay
Link that replays current quiz
Next Quiz
Link to next quiz in quiz playlist
You Got
0%
They Got
Avg Score
16%
Avg Friend Score
Upgrade to see
Score Distribution
Jump to the score distribution portion of the page
Score
0/52
Timer
05:00
0
Plays Today
Hint
Answer
% Correct
Partyhat
95.3%
Santa hat
81.3%
Christmas cracker
71.9%
Easter egg
68.8%
Pumpkin
64.1%
Halloween mask
62.5%
Scythe
54.7%
Bunny ears
37.5%
Disc of returning
35.9%
Yoyo
32.8%
Half full wine jug
25%
Rubber chicken
17.2%
Easter ring
17.2%
Snow globe
17.2%
Marionette
14.1%
Grim reaper hood
14.1%
Zombie head
12.5%
Reindeer hat
10.9%
Chocatrice cape
10.9%
Wintumber tree
9.4%
Ice amulet
9.4%
War ship
9.4%
Santa costume
7.8%
Eek
7.8%
Candy cane
7.8%
Skeleton set
6.3%
Hint
Answer
% Correct
Web cloak
6.3%
Snowball
6.3%
Broken plate
6.3%
Jack lantern mask
4.7%
Chicken set
4.7%
Christmas ghost costume
4.7%
Sleeping bag
4.7%
Warlock costume
3.1%
Cornucopia
3.1%
Easter carrot
3.1%
Bone brooch
3.1%
Ghost buster 500
3.1%
Random event gift
3.1%
Witch costume
1.6%
Squirrel ears
1.6%
Salty claws hat
1.6%
Heimland games souvenir
1.6%
Rabbit mould
1.6%
Turkey
1.6%
Magnifying glass
0%
Flagstaff of festivities
0%
Investigator outfit
0%
Mysterious book
0%
Basket of eggs
0%
Task list
0%
0%
Quiz Playlist
Details
Report
Send in Message
Add To Playlist
Classic:
Type in answers that appear in a list
Last Updated: Feb 16, 2017
Quiz Scoreboard
CHALLENGE
Sign Up to Join the Scoreboard
Show All
Scores
Hide
Comments
May contain spoilers
Recently Published
9x9 Crossword: Cartoon Network
by jackfrog10
Miscellaneous
3m
College Basketball Coaching Resumes
by pancakes188
Sports
9m
Billboard Blitz: Fleetwood Mac
by CooCooCachoo
Music
15s
More to Explore
Quiz From the Vault
Featured Blog Post
Where Did the Easter Bunny Come From?
hide this ad
You Might Also Like...
Tags
2011
before
Discontinued
item
runescape
Today's Top Quizzes in Gaming
Browse Gaming
hide this ad
Today's Top Quizzes in item
Browse item
Top Contributed Quizzes in Gaming
1
5-to-1: Consoles
2
7-to-1: Board Game Piece Blitz
3
5-to-1: Legend of Zelda
4
League of Legends Pro Players by Career/Team History
5
Destiny 2 exotic weapons by perk icons
6
Ultimate Genshin Impact Logic Puzzle (up to 4.3)
7
Franchise by Action Figure
8
Who's on the WWE 2K24 Cover?
9
Genshin Impact Logic Puzzle Quiz
10
Overwatch Logic Puzzle
Explore More
Trending Topics
Marvel
Harry Potter
Kpop
Crossword
NBA
Anime
Disney
Country
Soccer
WWE
Puzzle
NFL
The Office
Song
Pokémon
hide this ad
More By:
Blubblebut
Quiz
Plays
Rating
Category
Featured
Created
Maths Quiz
2,825
2.71
Miscellaneous
Oct 19, 2013
How fast can you type the alphabet SIX times
1,091
3.67
Just For Fun
Dec 20, 2013
Ed Edd n Eddy Characters
564
5.00
Television
Oct 19, 2013
Robot wars robots that have flipped a house robot
297
3.00
Television
Oct 19, 2013
Rayman 2 Levels.
165
5.00
Gaming
Oct 19, 2013
Go to Creator's Profile
Score Distribution
Quiz Creator Spotlight
Blubblebut
Follow
Send a Message
Quizzes Created
-
Created Quiz Play Count
-
More By This Creator
Popular Quizzes Today
1
Find the US States - No Outlines Minefield
2
Find the Countries of Europe - No Outlines Minefield
3
The Countries of the World
4
Find the US States
5
Risky Map Clicking: Biggest States A-Z
6
US States
7
Popular People in 1961
8
Movies - When Are They Set?
More Gaming Quizzes
Rock Pokémon Acrostic
Quiz Lab
Trending Quizzes
Risky Map Clicking: Least Populous States A-Z
1-10 Letter G Words
Risky Map Clicking: Next State Alphabetically
Adjectives in 80s TV Shows
Risky Map Clicking: Biggest States A-Z
Recently Updated
Leaping Animals
pecheneg
Reality TV Shows (A-Z)
bhenderson79
Rickey Henderson's Hall of Fame Teammates
pecheneg
Champions League XIs: Arsenal
pecheneg
Quick Pick: Celebrities in WWE's Hall of Fame
aduchscher
A-Z Keypad Blitz II
pecheneg
Multiple Oscar Actors
pecheneg
Mystery Phrase Blitz: Oscar 'Best Actors'
pecheneg
F. Scott Fitzgerald Novels
LTH
Pick 3 Villains
ddd62291
Trending Topics
Marvel
Harry Potter
Anime
NBA
Kpop
Crossword
Disney
NFL
Soccer
Song
WWE
Puzzle
Pokémon
The Office
Country
Your Account Isn't Verified!
In order to create a playlist on Sporcle, you need to verify the email address you used during registration. Go to your
Sporcle Settings
to finish the process.
Report this User
Report this user for behavior that violates our
Community Guidelines
.
Details:
Send Report
Go to the Sporcle.com Mobile Site →
Comments